Normal view MARC view
  • Husain, Syed Sajjad

Entry Personal Name

Number of records used in: 1

001 - CONTROL NUMBER

  • control field: 46523

003 - CONTROL NUMBER IDENTIFIER

  • control field: NUST

005 - DATE AND TIME OF LATEST TRANSACTION

  • control field: 20210314133537.0

008 - FIXED-LENGTH DATA ELEMENTS

  • fixed length control field: 210314|| aca||aabn | a|a d

040 ## - CATALOGING SOURCE

  • Original cataloging agency: NUST
  • Transcribing agency: NUST

100 ## - HEADING--PERSONAL NAME

  • Personal name: Husain, Syed Sajjad

670 ## - SOURCE DATA FOUND

  • Source citation: Work cat.: (NUST): Husain, Syed Sajjad., The wastes of time :, 1996.
© 2023 Central Library, National University of Sciences and Technology. All Rights Reserved.